Carta Administrativa - No.3 (ene.-mar.2004) (Registro nro. 98926)

Detalles MARC
000 -CABECERA
campo de control de longitud fija 00871nas a2200265 a 4500
001 - NÚMERO DE CONTROL
campo de control 98926
003 - IDENTIFICADOR DEL NÚMERO DE CONTROL
campo de control 181659
005 - FECHA Y HORA DE LA ÚLTIMA TRANSACCIÓN
campo de control 20201118113506.0
008 - DATOS DE LONGITUD FIJA--INFORMACIÓN GENERAL
campo de control de longitud fija ||||||n9999 ||| || ||
245 #0 - MENCIÓN DE TÍTULO
Título Carta Administrativa - No.3 (ene.-mar.2004)
260 ## - PUBLICACIÓN, DISTRIBUCIÓN, ETC.
Lugar de publicación, distribución, etc. Bogotá :
500 ## - NOTA GENERAL
Nota general El tema de la política de incentivos a la gestión pública ocupa un lugar muy especial en este Número
562 ## - NOTA DE IDENTIFICACIÓN DE LA COPIA Y VERSIÓN
Número de copias 6
650 ## - PUNTO DE ACCESO ADICIONAL DE MATERIA--TÉRMINO DE MATERIA
Término de materia o nombre geográfico como elemento de entrada ALCALDES--ELECCIÓN--COLOMBIA
650 ## - PUNTO DE ACCESO ADICIONAL DE MATERIA--TÉRMINO DE MATERIA
Término de materia o nombre geográfico como elemento de entrada BANCO DE EXITOS
650 ## - PUNTO DE ACCESO ADICIONAL DE MATERIA--TÉRMINO DE MATERIA
Término de materia o nombre geográfico como elemento de entrada DESEMPEÑO INSTITUCIONAL
650 ## - PUNTO DE ACCESO ADICIONAL DE MATERIA--TÉRMINO DE MATERIA
Término de materia o nombre geográfico como elemento de entrada GESTION PUBLICA--BOGOTA (COLOMBIA)
650 ## - PUNTO DE ACCESO ADICIONAL DE MATERIA--TÉRMINO DE MATERIA
Término de materia o nombre geográfico como elemento de entrada INCENTIVOS
650 ## - PUNTO DE ACCESO ADICIONAL DE MATERIA--TÉRMINO DE MATERIA
Término de materia o nombre geográfico como elemento de entrada LEY 489 DE 1998
650 ## - PUNTO DE ACCESO ADICIONAL DE MATERIA--TÉRMINO DE MATERIA
Término de materia o nombre geográfico como elemento de entrada PERIODO DE GOBIERNO
650 ## - PUNTO DE ACCESO ADICIONAL DE MATERIA--TÉRMINO DE MATERIA
Término de materia o nombre geográfico como elemento de entrada PREMIO NACIONAL DE ALTA GERENCIA
773 ## - ENLACE AL DOCUMENTO FUENTE/ENTRADA DE REGISTRO ANFITRIÓN
Número bibliográfico anfitrión 102265
Encabezamiento principal Carta Administrativa No.1 (jun. 1968) :
942 ## - ELEMENTOS DE PUNTO DE ACCESO ADICIONAL (KOHA)
Tipo de ítem Koha Revista
Existencias
Estado de retiro Estado de pérdida Estado dañado No para préstamo Código de colección Localización permanente Ubicación/localización actual Coste, precio normal de compra Total de préstamos Código de barras Número de copia Tipo de ítem Koha Fuente del sistema de clasificación o colocación Fecha de adquisición Fecha visto por última vez Precio válido a partir de
        Hemeroteca Bogotá - Sede Central Bogotá - Sede Central 0.00   48824 1 Revista        
        Hemeroteca Bogotá - Sede Central Bogotá - Sede Central 0.00   104918 2 Revista        
        Hemeroteca Bogotá - Sede Central Bogotá - Sede Central 0.00   111315 4 Revista        
        Hemeroteca Bogotá - Sede Central Bogotá - Sede Central 0.00   112429 5 Revista        
        Hemeroteca Manizales - Sede Caldas Manizales - Sede Caldas 0.00   CAL6560   Revista Dewey Decimal Classification 08/09/2023 08/09/2023 08/09/2023
        Hemeroteca Neiva - Sede Huila-Caqueta Neiva - Sede Huila-Caqueta 0.00   HUI0968 3 Revista        
        Hemeroteca Popayán - Sede Cauca Popayán - Sede Cauca 0.00   CAU5049 6 Revista